00358nam a2200145Ia 4500003000400000005001700004008004100021040000900062082001500071100001800086245004000104260004100144300000900185650001800194OSt20201005160506.0190216s9999||||xx |||||||||||||| ||und|| coclc a808bREA/E aRead, Herbert 0aEnglish Prose Style /cHerbert Read bLyall Book Depot,c1968.aLudhiyana: a215p aEnglish Essay